Noval and related stars astrophysics; Sp. sc. lib., (Record no. 8580)
[ view plain ]
| 000 -LEADER | |
|---|---|
| fixed length control field | 00557nam a2200169Ia 4500 |
| 003 - CONTROL NUMBER IDENTIFIER | |
| control field | IN-BaIIA |
| 008 - FIXED-LENGTH DATA ELEMENTS--GENERAL INFORMATION | |
| fixed length control field | 211028s9999 xx 000 0 eng d |
| 040 ## - CATALOGING SOURCE | |
| Transcribing agency | IIA Library |
| 245 #0 - TITLE STATEMENT | |
| Title | Noval and related stars astrophysics; Sp. sc. lib., |
| Remainder of title | vol. 65 |
| Statement of responsibility, etc. | edited by M. Friedjung |
| 260 ## - PUBLICATION, DISTRIBUTION, ETC. | |
| Place of publication, distribution, etc. | Dordrecht |
| Name of publisher, distributor, etc. | D. Reidel Publishing |
| Date of publication, distribution, etc. | 1977 |
| 300 ## - PHYSICAL DESCRIPTION | |
| Extent | xiv, 228p. |
| 650 ## - SUBJECT ADDED ENTRY--TOPICAL TERM | |
| Topical term or geographic name entry element | Astronomy and astrophysics thesaurus |
| 650 ## - SUBJECT ADDED ENTRY--TOPICAL TERM | |
| Topical term or geographic name entry element | stars |
| 650 ## - SUBJECT ADDED ENTRY--TOPICAL TERM | |
| Topical term or geographic name entry element | Stars astrophysics |
| 9 (RLIN) | 14393 |
| 700 ## - ADDED ENTRY--PERSONAL NAME | |
| Personal name | Friedjung, M., ed. |
| 9 (RLIN) | 9778 |
| 942 ## - ADDED ENTRY ELEMENTS (KOHA) | |
| Koha item type | Books |
| Withdrawn status | Lost status | Damaged status | Not for loan | Home library | Current library | Shelving location | Date acquired | Total Checkouts | Barcode | Date last seen | Price effective from | Koha item type |
|---|---|---|---|---|---|---|---|---|---|---|---|---|
| IIA Library-Bangalore | IIA Library-Kavalur | General Stacks | 08/01/1986 | 9449 | 05/11/2021 | 08/01/1986 | Books |